[Event "Rilton Cup 2010-11"]
[Site "Stockholm SWE"]
[Date "2011.01.03"]
[Round "7"]
[White "Ask, Josef"]
[Black "Leer-Salvesen, Bjarte"]
[Result "1/2-1/2"]
[BlackTitle "IM"]
[WhiteElo "2205"]
[BlackElo "2360"]
[WhiteFideId "1704583"]
[BlackFideId "1501496"]
[EventDate "2010.12.27"]

1. e4 e6 2. d4 d5 3. Nd2 c5 4. Ngf3 cxd4 5. exd5 Qxd5 6. Bc4 Qd6 7. Qe2 Nf6 8.
Nb3 Nc6 9. Bg5 Qb4+ 10. Bd2 Qb6 11. O-O-O Be7 12. Bg5 Bd7 13. Nbxd4 O-O 14. Kb1
Nxd4 15. Nxd4 Nd5 16. Bxd5 Bxg5 17. Bf3 Bf6 18. c3 Rac8 19. Qe4 Rc7 20. Rd2 Rfc8
21. Ka1 a5 22. Rhd1 a4 23. a3 g6 24. Ne2 Bc6 25. Qf4 Kg7 26. Bxc6 Qxc6 27. f3
Qb5 28. Rd3 Rc4 29. Qe3 R8c7 30. Rd6 Qe5 31. Qxe5 Bxe5 32. Rd8 h5 1/2-1/2

[Event "Rilton Cup 2010-11"]
[Site "Stockholm SWE"]
[Date "2011.01.03"]
[Round "7"]
[White "Bellon Lopez, Juan Manuel"]
[Black "Astrup, Kim"]
[Result "1/2-1/2"]
[WhiteTitle "GM"]
[WhiteElo "2394"]
[BlackElo "2274"]
[WhiteFideId "2200031"]
[BlackFideId "1501950"]
[EventDate "2010.12.27"]

1. d4 d6 2. g3 g6 3. Bg2 Bg7 4. e4 Nf6 5. Ne2 O-O 6. O-O e5 7. Nbc3 c6 8. a4
exd4 9. Nxd4 Re8 10. h3 Na6 11. Re1 Nb4 12. a5 d5 13. e5 Nd7 14. f4 f6 15. e6 f5
16. Nxc6 bxc6 17. Nxd5 Nxd5 18. Bxd5 cxd5 19. e7 Qc7 20. Qxd5+ Kh8 21. Qxa8 Nf6
22. Qf3 Bb7 23. Qc3 Qd6 24. a6 Ba8 25. Qc4 Ne4 26. Be3 Nxg3 27. Qc5 Qe6 28. Bf2
Ne4 29. Qxa7 Qd5 30. c4 Qd3 31. Ra3 Qxc4 32. Qd7 Nf6 33. Qe6 Qxf4 34. Qe3 Qd6
35. Qc5 Qd7 36. Bd4 Ne4 37. Bxg7+ Kxg7 38. Qe5+ Kh6 39. Qf4+ Kg7 40. Qe5+ Kf7
41. Rae3 Rxe7 42. Qh8 Qd5 43. Qxh7+ Kf6 44. Qh8+ Kg5 45. h4+ Kg4 46. Qh6 Re6 47.
a7 Qe5 48. R1e2 g5 49. Rxe4+ fxe4 50. Rg2+ Kh3 51. Qxg5 Qd4+ 52. Rf2 Qd1+ 53.
Rf1 Qd4+ 54. Rf2 Qd1+ 55. Rf1 Qd4+ 56. Rf2 1/2-1/2

[Event "Rilton Cup 2010-11"]
[Site "Stockholm SWE"]
[Date "2011.01.03"]
[Round "7"]
[White "Bazeev, German"]
[Black "Logdahl, Harald"]
[Result "0-1"]
[BlackTitle "FM"]
[WhiteElo "2334"]
[BlackElo "2257"]
[WhiteFideId "24119350"]
[BlackFideId "1702734"]
[EventDate "2010.12.27"]

1. d4 Nf6 2. Nf3 g6 3. c4 Bg7 4. Nc3 O-O 5. e4 d6 6. Be2 Bg4 7. O-O Nfd7 8. Be3
Nc6 9. d5 Bxf3 10. Bxf3 Na5 11. Be2 Bxc3 12. bxc3 e5 13. Qa4 b6 14. Bh6 Re8 15.
g3 Nb7 16. Qc2 Nbc5 17. h4 f6 18. Be3 h5 19. g4 hxg4 20. Bxg4 Kg7 21. f3 Rh8 22.
h5 g5 23. Kf2 Qe7 24. Rg1 Rh6 25. Qd2 Rah8 26. Rg2 Nf8 27. Bxc5 bxc5 28. Rb1
Rxh5 29. Bxh5 Rxh5 30. Ke3 Ng6 31. Rh2 Nh4 32. Qf2 Qe8 33. Kd3 Nxf3 34. Rg2 Nh4
35. Rg3 Ng6 36. Qb2 Nf4+ 37. Ke3 Rh7 38. Qb5 Qh5 39. Qd7+ Kh6 40. Qg4 Qxg4 41.
Rxg4 Kg6 42. Rg3 Rh2 43. Rb7 f5 44. Rg1 g4 45. exf5+ Kxf5 46. Re1 Rxa2 0-1

[Event "Rilton Cup 2010-11"]
[Site "Stockholm SWE"]
[Date "2011.01.03"]
[Round "7"]
[White "Kudzma, Laimonas"]
[Black "Jacobsen, Bo"]
[Result "1/2-1/2"]
[WhiteElo "2232"]
[BlackElo "2317"]
[WhiteFideId "12803545"]
[BlackFideId "1400738"]
[EventDate "2010.12.27"]

1. d4 Nf6 2. c4 c5 3. d5 e5 4. Nc3 d6 5. e4 Nbd7 6. Bd3 Be7 7. Nge2 h5 8. O-O h4
9. a3 Nf8 10. b4 b6 11. bxc5 bxc5 12. Rb1 Ng6 13. Bc2 O-O 14. Ba4 a6 15. Bc6 Ra7
16. Qa4 Nh5 17. Nb5 axb5 18. Qxa7 Bg5 19. cxb5 Bxc1 20. Rbxc1 Qg5 21. Rc2 Bh3
22. Ng3 hxg3 23. fxg3 Qe3+ 24. Rcf2 Bg4 25. Qa5 Nf6 26. Qe1 Qd4 27. Qd2 Nxe4 28.
Qxd4 cxd4 29. Rb2 d3 30. h3 Be2 31. Re1 Ne7 32. b6 Nc3 33. b7 Rb8 34. a4 Ncxd5
35. Bxd5 Nxd5 36. a5 Rxb7 37. Rxb7 d2 38. Kf2 dxe1=Q+ 39. Kxe1 Bd3 40. Rb8+ Kh7
41. Rd8 e4 42. Rxd6 Nb4 43. Rb6 Na6 44. g4 f6 45. h4 Nc5 46. Rc6 Na6 47. Kf2 Nb4
48. Rd6 Kg6 49. Ke3 Kf7 50. Rd7+ Kg6 51. Kd2 Nc6 52. Rd5 Ne5 53. g5 Nc4+ 54. Kc3
Bf1 55. Rd1 Bd3 56. a6 Nd6 57. Ra1 Nb5+ 58. Kd2 1/2-1/2

[Event "Rilton Cup 2010-11"]
[Site "Stockholm SWE"]
[Date "2011.01.03"]
[Round "7"]
[White "Ostling, Hakan"]
[Black "Blomqvist, Erik"]
[Result "1/2-1/2"]
[BlackTitle "IM"]
[WhiteElo "2207"]
[BlackElo "2449"]
[WhiteFideId "1708635"]
[BlackFideId "1709437"]
[EventDate "2010.12.27"]

1. f4 d5 2. Nf3 g6 3. g3 Bg7 4. Bg2 Nf6 5. d3 c5 6. O-O O-O 7. Nc3 d4 8. Ne4
Nxe4 9. dxe4 Nc6 10. e3 Qb6 11. Qe2 Bd7 12. Rd1 Rac8 13. e5 f6 14. exf6 exf6 15.
c3 Rfe8 16. e4 Bf5 17. Nh4 Be6 18. Qf2 Rcd8 19. Nf3 Bxa2 20. b4 cxb4 21. cxd4
Bf7 22. Re1 b3 23. d5 Qxf2+ 24. Kxf2 Nb4 25. Rd1 Rxe4 26. Ne5 Rxd5 27. Ba3 fxe5
28. Bxe4 Rb5 29. Rd8+ Bf8 30. Rc1 Kg7 31. Rcc8 Ra5 32. Bb2 Ra2 33. Rd2 Bd6 34.
fxe5 Rxb2 35. Rxb2 Bxe5 36. Rd2 Be6 37. Rc5 Kf6 38. Ke3 b6 39. Rb5 Nc2+ 40. Bxc2
bxc2 41. Rxc2 Bd6 42. Kd4 Ke7 43. Rb1 Kd7 44. Ra1 a5 45. Rac1 a4 46. Rc6 Bc5+
47. R1xc5 bxc5+ 48. Rxc5 a3 49. Ra5 a2 50. Ke5 Bb3 51. Kf6 Kc6 52. Kg7 Kb6 53.
Ra3 Kc5 54. Kxh7 g5 55. Kg6 g4 56. Kf5 Kb4 57. Rxa2 Bxa2 58. Kxg4 Kc5 59. Kf5
Kd6 60. Kf6 Be6 61. h4 Bg4 62. Kg5 Be2 63. h5 Ke7 64. Kg6 Kf8 65. h6 Kg8 66. h7+
Kh8 67. Kh6 Bd3 1/2-1/2

[Event "Rilton Cup 2010-11"]
[Site "Stockholm SWE"]
[Date "2011.01.03"]
[Round "7"]
[White "Straeter, Timo"]
[Black "Jansson, Anders O."]
[Result "1-0"]
[WhiteTitle "FM"]
[WhiteElo "2325"]
[BlackElo "2171"]
[WhiteFideId "4621964"]
[BlackFideId "1703277"]
[EventDate "2010.12.27"]

1. d4 Nf6 2. c4 g6 3. Nc3 Bg7 4. e4 O-O 5. Be2 d6 6. Bg5 h6 7. Be3 c5 8. d5 e6
9. h3 exd5 10. exd5 Re8 11. Qd2 Kh7 12. Nf3 Bf5 13. O-O Ne4 14. Nxe4 Bxe4 15.
Rad1 Na6 16. Ne1 Bf5 17. Nd3 Nc7 18. b4 b6 19. Rfe1 Qf6 20. Rc1 g5 21. bxc5 bxc5
22. Rb1 Rab8 23. Qa5 Qd8 24. Bf1 Qd7 25. Red1 Na8 26. Rb3 Nb6 27. Rc1 Rxe3 28.
fxe3 Re8 29. Nf2 Re7 30. Qd2 Qe8 31. Bd3 Bxd3 32. Qxd3+ Kg8 33. Kh1 Re5 34. Ng4
Re4 35. Rf1 Nd7 36. Rb7 Rxg4 37. hxg4 Ne5 38. Qf5 Qa4 39. Rxf7 Nxf7 40. Qxf7+
Kh8 41. Rb1 Qc2 42. Rb8+ Kh7 43. Qf5+ 1-0

[Event "Rilton Cup 2010-11"]
[Site "Stockholm SWE"]
[Date "2011.01.03"]
[Round "7"]
[White "Thompson, Ian D"]
[Black "Nielsen, Rogvi Egilstoft"]
[Result "1/2-1/2"]
[WhiteTitle "FM"]
[WhiteElo "2264"]
[BlackElo "2116"]
[WhiteFideId "405205"]
[BlackFideId "7200447"]
[EventDate "2010.12.27"]

1. c4 e5 2. g3 Nf6 3. Bg2 Bc5 4. Nc3 d6 5. d3 h6 6. e3 O-O 7. Nge2 c6 8. O-O Bg4
9. h3 Be6 10. d4 Bb6 11. b3 Qd7 12. Kh2 exd4 13. Nxd4 d5 14. cxd5 Nxd5 15. Nxe6
fxe6 16. Bb2 Qe7 17. Qe2 Nd7 18. Rad1 Rad8 19. e4 Nxc3 20. Bxc3 Nf6 21. f4 Kh8
22. Qc4 Rxd1 23. Rxd1 Rd8 24. Rxd8+ Bxd8 25. Bd4 Bb6 26. Bxb6 axb6 27. b4 e5 28.
b5 c5 1/2-1/2

[Event "Rilton Cup 2010-11"]
[Site "Stockholm SWE"]
[Date "2011.01.03"]
[Round "7"]
[White "Forsberg, Viktor"]
[Black "Cederstam-Barsk, Carl"]
[Result "1/2-1/2"]
[WhiteElo "2255"]
[BlackElo "2020"]
[WhiteFideId "1707914"]
[BlackFideId "1713329"]
[EventDate "2010.12.27"]

1. e4 e5 2. Nf3 Nc6 3. Bb5 a6 4. Ba4 Nf6 5. O-O Be7 6. Re1 b5 7. Bb3 O-O 8. h3
Bb7 9. d3 d6 10. a3 Na5 11. Ba2 c5 12. Nc3 b4 13. axb4 cxb4 14. Nd5 Nxd5 15.
Bxd5 Bxd5 16. exd5 Nb7 17. d4 f6 18. c4 Qc7 19. b3 a5 20. Ra4 Rae8 21. Bb2 Rf7
22. Ra1 Bf8 23. dxe5 dxe5 24. Nd4 Rd7 25. Nc6 Ra8 26. Qg4 Nd8 27. Nxd8 Qxd8 28.
f4 exf4 29. Re6 Rd6 30. Rae1 Qb6+ 31. Kh2 Rxe6 32. Rxe6 Qf2 33. Re2 Qg3+ 34.
Qxg3 fxg3+ 35. Kxg3 a4 36. bxa4 Rxa4 37. Re8 Kf7 38. Rc8 Ra2 39. Bd4 b3 40. Rc7+
Kg6 41. Rb7 Ra4 42. Rxb3 Rxc4 43. Rd3 Bd6+ 1/2-1/2

[Event "Rilton Cup 2010-11"]
[Site "Stockholm SWE"]
[Date "2011.01.03"]
[Round "7"]
[White "Czarnota, Dorota"]
[Black "Olander, Aleksi"]
[Result "1-0"]
[WhiteTitle "WIM"]
[WhiteElo "2229"]
[BlackElo "1990"]
[WhiteFideId "1122410"]
[BlackFideId "504963"]
[EventDate "2010.12.27"]

1. Nf3 Nf6 2. g3 e6 3. Bg2 Be7 4. O-O c5 5. c4 Nc6 6. d4 cxd4 7. Nxd4 O-O 8. e4
Qc7 9. Nc3 d6 10. b3 a6 11. Be3 Nd7 12. Rc1 Nc5 13. f4 Nxd4 14. Qxd4 Rd8 15.
Rfd1 b6 16. b4 Nd7 17. a3 Bb7 18. Na4 Rac8 19. Nxb6 e5 20. fxe5 dxe5 21. Qxd7
Rxd7 22. Rxd7 Qc6 23. Rxe7 Rd8 24. b5 1-0

[Event "Rilton Cup 2010-11"]
[Site "Stockholm SWE"]
[Date "2011.01.03"]
[Round "7"]
[White "Holving, Rasmus"]
[Black "Bouaraba, Max"]
[Result "1-0"]
[WhiteElo "2211"]
[BlackElo "2219"]
[WhiteFideId "1703145"]
[BlackFideId "4635973"]
[EventDate "2010.12.27"]

1. b4 c6 2. Bb2 Qb6 3. a3 a5 4. c4 axb4 5. c5 Qd8 6. axb4 Rxa1 7. Bxa1 d6 8. e4
dxc5 9. bxc5 Qa5 10. Nc3 Qxc5 11. f4 Nf6 12. Be2 Qa5 13. Nf3 Bg4 14. h3 Bxf3 15.
Bxf3 e6 16. O-O Be7 17. Qb3 b5 18. e5 Nfd7 19. f5 Nxe5 20. Ne4 Qc7 21. fxe6 f5
22. Bh5+ Kd8 23. Rxf5 Qa7+ 24. Kh2 Qxa1 25. Qg3 Rf8 26. Rxe5 Rf1 27. Nf2 Rxf2
28. Rxb5 Nd7 29. Rb8+ 1-0

[Event "Rilton Cup 2010-11"]
[Site "Stockholm SWE"]
[Date "2011.01.03"]
[Round "7"]
[White "Eriksson, Jorgen"]
[Black "Frisk, Ellinor"]
[Result "1-0"]
[BlackTitle "WFM"]
[WhiteElo "2202"]
[BlackElo "2126"]
[WhiteFideId "1701967"]
[BlackFideId "1708481"]
[EventDate "2010.12.27"]

1. d4 d5 2. Nf3 Nf6 3. Bf4 c5 4. e3 Qb6 5. Qc1 Nc6 6. c3 Bf5 7. Nbd2 e6 8. Be2
h6 9. O-O Be7 10. Ne5 O-O 11. Bd3 Bxd3 12. Nxd3 Rfd8 13. Qc2 Rac8 14. Qb3 c4 15.
Qxb6 axb6 16. Ne1 b5 17. a3 Nh5 18. Bg3 Nxg3 19. hxg3 f6 20. Nc2 Kf7 21. Rad1
Rd7 22. g4 Rcd8 23. f4 g6 24. e4 dxe4 25. Nxe4 f5 26. Nf2 Bf6 27. g3 Ne7 28. Ne3
Nd5 29. Rde1 Nb6 30. Re2 Ra8 31. Rfe1 Rd6 32. Kg2 Bg7 33. Kf3 Rad8 34. Nfd1 Ra8
35. Nc2 Nd5 36. Nde3 Ne7 37. Nb4 Bf6 38. Rd1 Nc6 39. gxf5 gxf5 40. d5 Nxb4 41.
axb4 Kg6 42. dxe6 Rxd1 43. Nxd1 Rd8 44. Ne3 h5 45. Nc2 Rd3+ 46. Re3 Rd2 47. Nd4
Be7 48. Nxb5 Rd5 49. Na3 b5 50. Nc2 Kf6 51. Nd4 Bd6 52. e7 Bxe7 53. Re6+ Kf7 54.
Rb6 h4 55. gxh4 Bxh4 56. Rxb5 Rxb5 57. Nxb5 Bd8 1-0

[Event "Rilton Cup 2010-11"]
[Site "Stockholm SWE"]
[Date "2011.01.03"]
[Round "7"]
[White "Wenzel, Birger"]
[Black "Markevich, Ilya"]
[Result "0-1"]
[WhiteElo "2060"]
[BlackElo "2175"]
[WhiteFideId "4657497"]
[BlackFideId "24114839"]
[EventDate "2010.12.27"]

1. d4 d5 2. Nf3 e6 3. c4 c5 4. cxd5 exd5 5. Nc3 Nc6 6. g3 Nf6 7. Bg2 Be7 8. O-O
O-O 9. Bg5 cxd4 10. Nxd4 h6 11. Be3 Re8 12. Rc1 Bf8 13. Na4 Bd7 14. Nc5 Bxc5 15.
Rxc5 Qe7 16. Nxc6 bxc6 17. Re1 Qd6 18. Qc2 Ne4 19. Bxe4 Rxe4 20. Rd1 Rae8 21.
Ra5 h5 22. Rxa7 h4 23. Qc5 Qe6 24. Ra3 Rc4 25. Qb6 hxg3 26. hxg3 Qg4 27. Rd4
Qxe2 28. Rxc4 Bh3 0-1

[Event "Rilton Cup 2010-11"]
[Site "Stockholm SWE"]
[Date "2011.01.03"]
[Round "7"]
[White "Wiander, Michael"]
[Black "Thiborg, Jesper"]
[Result "1-0"]
[WhiteElo "2158"]
[BlackElo "2020"]
[WhiteFideId "1702580"]
[BlackFideId "1711954"]
[EventDate "2010.12.27"]

1. e4 e6 2. Nf3 b6 3. c3 Bb7 4. Bd3 Nf6 5. Qe2 d6 6. a4 a5 7. Bc2 Ba6 8. d3 Nbd7
9. Nbd2 Be7 10. Nd4 Bb7 11. f4 O-O 12. O-O e5 13. Nf5 exf4 14. d4 Re8 15. Qf3
Nf8 16. Qxf4 Ng6 17. Qf3 Bf8 18. g4 Kh8 19. g5 Ng8 20. Qg4 N8e7 21. Ne3 f6 22.
Nf3 Qc8 23. Qg3 Qd7 24. h4 Ng8 25. h5 N6e7 26. Qh4 Bc8 27. Kg2 fxg5 28. Nxg5 Nf6
29. Bd2 Neg8 30. Nf5 h6 31. Nh3 Qf7 32. Ng3 Bxh3+ 33. Qxh3 Qe6 34. Qxe6 Rxe6 35.
Bb3 Re7 36. Rf4 Rae8 37. Raf1 Nh7 38. Bf7 Rb8 39. Bc4 Ngf6 40. Re1 Rbe8 41. Bb5
Rd8 42. Nf5 Re6 43. Ng3 Ng5 44. Bc6 Be7 45. c4 Nfh7 46. Bd5 Rf6 47. Nf5 Bf8 48.
Nh4 Re6 49. Ng6+ Kg8 50. Rf5 c6 51. Bxg5 Nxg5 52. Ref1 Be7 53. Nxe7+ Kh7 54.
Bxe6 1-0

[Event "Rilton Cup 2010-11"]
[Site "Stockholm SWE"]
[Date "2011.01.03"]
[Round "7"]
[White "Hedstrom, Johan"]
[Black "Lokander, Martin"]
[Result "0-1"]
[WhiteElo "2043"]
[BlackElo "1982"]
[WhiteFideId "1714813"]
[BlackFideId "1709569"]
[EventDate "2010.12.27"]

1. Nf3 c5 2. e4 d6 3. d4 cxd4 4. Nxd4 Nf6 5. Nc3 a6 6. f4 e5 7. Nf3 Nbd7 8. Bd3
Qc7 9. O-O Be7 10. Kh1 Nc5 11. Qe1 exf4 12. Bxf4 O-O 13. Bg5 Be6 14. Nh4 Ng4 15.
Bxe7 Qxe7 16. Qg3 f6 17. Nf5 Bxf5 18. Rxf5 Ne5 19. Nd5 Qd8 20. Raf1 Kh8 21. Qh4
Ne6 22. Rh5 h6 23. Ne3 Ng5 24. Nf5 Rc8 25. Rxh6+ Kg8 26. Rh8+ Kf7 27. Qh5+ g6
28. Rxf8+ Qxf8 29. Nxd6+ Ke6 30. Qe2 Qxd6 31. g3 b5 32. h4 Ngf7 33. b3 Ke7 34.
Kg2 Rc3 35. Rd1 Qc5 36. Rd2 Nh6 37. h5 g5 38. a4 Nhg4 39. axb5 Ne3+ 40. Kh2 g4
41. bxa6 Nf3+ 0-1

[Event "Rilton Cup 2010-11"]
[Site "Stockholm SWE"]
[Date "2011.01.03"]
[Round "7"]
[White "Bryntze, Stefan"]
[Black "Palmblad, Jan Peter"]
[Result "1/2-1/2"]
[WhiteElo "2135"]
[BlackElo "2135"]
[WhiteFideId "1709100"]
[BlackFideId "1705512"]
[EventDate "2010.12.27"]

1. e4 c5 2. Nf3 d6 3. d4 cxd4 4. Nxd4 g6 5. Nc3 Bg7 6. Be3 Nc6 7. Qd2 Bd7 8. h4
h5 9. O-O-O a6 10. Bc4 Nf6 11. f3 Ne5 12. Bb3 b5 13. Bg5 b4 14. Nd5 Nxd5 15.
Bxd5 Rb8 16. f4 Ng4 17. e5 O-O 18. exd6 Qa5 19. Bb3 exd6 20. Be7 Rfc8 21. Bxd6
Rb6 22. Nf3 Bf5 23. Bc7 Bc3 24. Qd5 Qxd5 25. Rxd5 Rxc7 26. bxc3 Rxc3 27. Nd4 Be4
28. Rd8+ Kg7 29. Re1 Nf6 30. f5 gxf5 31. Ne2 Rc5 32. Nf4 a5 33. Re3 Rbc6 34.
Rg3+ Kh7 35. Nd3 Rc3 36. Kd2 f4 37. Rg5 Bg6 38. Rxa5 Ne4+ 39. Kd1 Rf6 40. Raa8
Rf5 41. Bd5 Rxd3+ 42. cxd3 Nc3+ 43. Kd2 Nxd5 44. Ra5 Nc3 45. Rxf5 Bxf5 46. Rd4
Nxa2 47. Kc2 Kg6 48. Rxf4 b3+ 49. Kb2 Bxd3 50. Kxb3 Nc1+ 51. Kb4 f5 52. Rf2 Be4
53. Kc3 Kf6 54. Rb2 Ke5 55. g3 Kd5 56. Kd2 Nd3 57. Rb8 1/2-1/2

[Event "Rilton Cup 2010-11"]
[Site "Stockholm SWE"]
[Date "2011.01.04"]
[Round "8"]
[White "Volkov, Sergey"]
[Black "Karlsson, Lars"]
[Result "1-0"]
[WhiteTitle "GM"]
[BlackTitle "GM"]
[WhiteElo "2594"]
[BlackElo "2466"]
[WhiteFideId "4122763"]
[BlackFideId "1700057"]
[EventDate "2010.12.27"]

1. d4 f5 2. Nc3 d5 3. Bg5 Nf6 4. Bxf6 exf6 5. e3 c6 6. Bd3 Na6 7. Qf3 g6 8. Bxa6
bxa6 9. Nge2 Rb8 10. b3 Bd6 11. Na4 h5 12. h4 Kf7 13. Nf4 g5 14. hxg5 fxg5 15.
Nxh5 g4 16. Qe2 Qg5 17. Ng3 Rxh1+ 18. Nxh1 f4 19. O-O-O fxe3 20. Kb2 g3 21. Nxg3
Bxg3 22. fxg3 Bg4 23. Qf1+ Kg7 24. Re1 Rf8 25. Qxa6 e2 26. Rxe2 Bxe2 27. Qxe2
Qf6 28. Kc3 Qg6 29. Nc5 Qxg3+ 30. Nd3 Kf6 31. Kb2 Rg8 32. Qf1+ Ke6 33. Nc5+ Ke7
34. Qe2+ Kf8 35. Nd7+ Kf7 36. Ne5+ Ke6 37. Nxc6+ Kd6 38. Ne5 1-0

[Event "Rilton Cup 2010-11"]
[Site "Stockholm SWE"]
[Date "2011.01.04"]
[Round "8"]
[White "Naiditsch, Arkadij"]
[Black "Urkedal, Frode"]
[Result "1-0"]
[WhiteTitle "GM"]
[BlackTitle "FM"]
[WhiteElo "2685"]
[BlackElo "2438"]
[WhiteFideId "4650891"]
[BlackFideId "1506102"]
[EventDate "2010.12.27"]

1. e4 c5 2. Nf3 d6 3. d4 cxd4 4. Nxd4 Nf6 5. Nc3 a6 6. h3 e5 7. Nde2 h5 8. Bg5
Be6 9. g3 Nbd7 10. Bg2 Be7 11. a4 O-O 12. O-O b5 13. Bxf6 Nxf6 14. axb5 axb5 15.
Rxa8 Qxa8 16. Nxb5 Qb8 17. Qd3 Qc8 18. b3 Bxh3 19. c4 h4 20. Ra1 Bxg2 21. Kxg2
Qc6 22. Nec3 Qc5 23. Qe3 Qc8 24. Qf3 hxg3 25. fxg3 Qc5 26. g4 Nh7 27. Nd5 Bd8
28. Qd3 Ng5 29. Ra8 Ne6 30. b4 Qxd5 31. Qxd5 Nf4+ 32. Kf3 Nxd5 33. exd5 f5 34.
Nxd6 fxg4+ 35. Kxg4 Kh7 36. Nf5 g6 37. Ra7+ Kh8 38. Nd6 Rf4+ 39. Kh3 Bb6 40.
Ra8+ Kg7 41. c5 Rxb4 42. cxb6 Rxb6 43. Ra7+ Kf6 44. Rf7+ Kg5 45. Ne4+ Kh6 46. d6
Rb3+ 47. Kg2 Rd3 48. d7 g5 49. Rf6+ 1-0

[Event "Rilton Cup 2010-11"]
[Site "Stockholm SWE"]
[Date "2011.01.04"]
[Round "8"]
[White "Akesson, Ralf"]
[Black "Macieja, Bartlomiej"]
[Result "1/2-1/2"]
[WhiteTitle "GM"]
[BlackTitle "GM"]
[WhiteElo "2434"]
[BlackElo "2636"]
[WhiteFideId "1700120"]
[BlackFideId "1104306"]
[EventDate "2010.12.27"]

1. Nf3 c5 2. c4 Nf6 3. Nc3 Nc6 4. g3 g6 5. d4 cxd4 6. Nxd4 Bg7 7. Bg2 O-O 8. O-O
Nxd4 9. Qxd4 d6 10. Qd3 a6 11. Be3 Bf5 12. Qd2 Qd7 13. Bh6 Bxh6 14. Qxh6 Rac8
15. b3 b5 16. Nd5 Nxd5 17. cxd5 Rc2 18. e4 Bg4 19. h3 Be2 20. Rfc1 Rfc8 21. Rxc2
Rxc2 22. Qe3 b4 23. Qb6 Bb5 24. Qd4 Qc7 25. Bf1 Qc3 26. Qxc3 bxc3 27. Bxb5 axb5
28. a4 Rb2 29. Kg2 Rxb3 30. axb5 Rxb5 31. Kf3 f5 32. Rc1 fxe4+ 33. Kxe4 Rb2 34.
Ke3 c2 35. Kd3 Rb5 36. Rxc2 Rxd5+ 37. Ke3 Kf7 38. f4 Rd1 39. Ra2 Rh1 40. h4 h5
41. Ra5 Kf6 42. Kf3 Rf1+ 43. Ke3 Rc1 44. Kf3 Rc3+ 45. Kf2 Rc8 46. Kf3 Rc5 47.
Ra7 d5 48. Rd7 Ke6 49. Rd8 Rc3+ 50. Kg2 Rd3 51. Rf8 d4 52. Rd8 Kf6 53. Rf8+ Kg7
54. Rd8 Kf7 55. Kf2 Ke6 56. Kg2 Kf5 57. Rd5+ Kf6 58. Rd8 Rd1 59. Kf3 d3 60. Rf8+
Ke6 61. Rd8 d2 62. Rd3 Kf5 63. Rd5+ Kf6 64. Rd3 e6 65. Ke2 Rg1 66. Kxd2 Kf5 67.
Re3 Rg2+ 68. Ke1 Kg4 69. Rxe6 Rxg3 70. Rxg6+ Kxf4 71. Rxg3 Kxg3 72. Kf1 Kxh4 1/2-1/2

[Event "Rilton Cup 2010-11"]
[Site "Stockholm SWE"]
[Date "2011.01.04"]
[Round "8"]
[White "Cramling, Pia"]
[Black "Luukkonen, Tommi"]
[Result "1-0"]
[WhiteTitle "GM"]
[BlackTitle "FM"]
[WhiteElo "2526"]
[BlackElo "2309"]
[WhiteFideId "1700030"]
[BlackFideId "501808"]
[EventDate "2010.12.27"]

1. Nf3 c5 2. c4 Nc6 3. d4 cxd4 4. Nxd4 e6 5. g3 Nf6 6. Bg2 Bc5 7. Nb3 Bb4+ 8.
Bd2 Be7 9. O-O b6 10. Nc3 Ba6 11. Nb5 O-O 12. Bf4 d5 13. Nc7 Bxc4 14. Nd2 g5 15.
Nxc4 gxf4 16. Nxa8 Qxa8 17. Nd2 fxg3 18. hxg3 Qb8 19. Rc1 Ne5 20. Qa4 Neg4 21.
Bf3 Ne3 22. Rfe1 Nf5 23. Kg2 Kh8 24. Rh1 Rg8 25. Rh3 e5 26. e4 Nd4 27. exd5 b5
28. Qd1 Qd8 29. Nb3 Nf5 30. Qd3 Nd6 31. Nd2 Rg7 32. Ne4 Nfe8 33. Nxd6 Nxd6 34.
Be4 Bg5 35. Rc3 h6 36. Qc2 f6 37. Bf5 b4 38. Rc6 Rg8 39. Be6 1-0

[Event "Rilton Cup 2010-11"]
[Site "Stockholm SWE"]
[Date "2011.01.04"]
[Round "8"]
[White "Gleizerov, Evgeny"]
[Black "Getz, Nicolai"]
[Result "1-0"]
[WhiteTitle "GM"]
[WhiteElo "2572"]
[BlackElo "2317"]
[WhiteFideId "4101332"]
[BlackFideId "1505572"]
[EventDate "2010.12.27"]

1. d4 Nf6 2. c4 e6 3. g3 d5 4. Nf3 Bb4+ 5. Bd2 Be7 6. Bg2 O-O 7. O-O c6 8. Bf4
Nbd7 9. Qd3 b6 10. cxd5 exd5 11. Nc3 Bb7 12. Rad1 Re8 13. Ne5 Nxe5 14. Bxe5 Ng4
15. e4 Nxe5 16. dxe5 d4 17. Qxd4 Bc5 18. Qd7 Qb8 19. Na4 Re7 20. Qd2 Rxe5 21.
Nxc5 Rxc5 22. f4 Qf8 23. e5 Bc8 24. Qd6 Bg4 25. Bxc6 Bxd1 26. Bxa8 Be2 27. Qxf8+
Kxf8 28. Rf2 Bg4 29. Rd2 Ke7 30. Kf2 f6 31. exf6+ Kxf6 32. Be4 Bf5 33. Kf3 Be6
34. a3 h5 35. Rd6 Ke7 36. Rc6 Rb5 37. b4 a5 38. Rxe6+ Kxe6 39. Bd3 Rd5 40. Bc4
Kd6 41. Bxd5 Kxd5 42. bxa5 bxa5 43. f5 Ke5 44. g4 a4 45. Kg3 hxg4 46. Kxg4 Kf6
47. Kf4 Kf7 48. Kg5 Ke7 49. Kg6 Kf8 50. f6 Kg8 51. f7+ Kh8 52. f8=R# 1-0

[Event "Rilton Cup 2010-11"]
[Site "Stockholm SWE"]
[Date "2011.01.04"]
[Round "8"]
[White "Logdahl, Harald"]
[Black "Ulibin, Mikhail"]
[Result "1/2-1/2"]
[WhiteTitle "FM"]
[BlackTitle "GM"]
[WhiteElo "2257"]
[BlackElo "2552"]
[WhiteFideId "1702734"]
[BlackFideId "4101405"]
[EventDate "2010.12.27"]

1. e4 e6 2. d4 d5 3. Nd2 Nf6 4. e5 Nfd7 5. Bd3 c5 6. c3 Nc6 7. Ne2 cxd4 8. cxd4
f6 9. exf6 Qxf6 10. Nf3 h6 11. O-O Bd6 12. Bb5 O-O 13. Be3 Ne7 14. Rc1 Rd8 15.
Qd2 Ng6 16. Rc2 Ndf8 17. Rfc1 Bd7 18. Bd3 a6 19. h3 b5 20. Bxg6 Nxg6 21. Ne5
Nxe5 22. dxe5 Bxe5 23. Bd4 Bxd4 24. Qxd4 e5 25. Qxd5+ Be6 26. Qc6 Bxa2 27. Qxf6
gxf6 28. Rc6 Rd2 29. Nc3 Rxb2 30. Nxa2 Rxa2 31. Rxf6 Rf8 32. Rg6+ Kh7 33. Re6
Raxf2 34. Rxa6 R2f6 35. Rc7+ Kg6 36. Rxf6+ Rxf6 37. Rb7 Kf5 38. Rxb5 Ke4 39. Ra5
h5 40. Ra4+ Kd3 41. Ra3+ Kd2 42. Ra2+ Kc3 43. Ra3+ Kc2 44. Ra2+ Kd3 1/2-1/2

[Event "Rilton Cup 2010-11"]
[Site "Stockholm SWE"]
[Date "2011.01.04"]
[Round "8"]
[White "Semcesen, Daniel"]
[Black "Ask, Josef"]
[Result "1-0"]
[WhiteTitle "IM"]
[WhiteElo "2449"]
[BlackElo "2205"]
[WhiteFideId "1706993"]
[BlackFideId "1704583"]
[EventDate "2010.12.27"]

1. Nf3 e6 2. g3 f5 3. Bg2 Nf6 4. c4 Be7 5. O-O O-O 6. d3 d6 7. Nc3 a5 8. e4 e5
9. h3 Nc6 10. exf5 Bxf5 11. Ng5 h6 12. Nge4 Qd7 13. Kh2 Be6 14. b3 Nd4 15. Be3
c6 16. f4 Nf5 17. Bg1 exf4 18. Rxf4 Rf7 19. Qe2 Re8 20. Re1 Rff8 21. Na4 Bd8 22.
Bf2 Bc7 23. Kg1 Nxe4 24. Rxe4 Bf7 25. Qg4 g6 26. Nc3 Qd8 27. d4 Bb6 28. Qd1 Qf6
29. Rxe8 Bxe8 30. Ne4 Qd8 31. c5 Bc7 32. cxd6 Nxd6 33. Nc5 Qf6 34. Qd2 Bb8 35.
Re6 Qf7 36. Re2 Qf6 37. Qxa5 Nf5 38. Ne4 Qg7 39. Qd2 Ba7 40. Nc5 Bf7 41. g4 Nd6
42. Bg3 Nb5 43. Be5 Qh7 44. Nd7 1-0